| 000 | 01746 a2200241 4500 | ||
|---|---|---|---|
| 001 | 27179 | ||
| 005 | 20260407155548.0 | ||
| 008 | 260407a2007 arg spa d | ||
| 003 | AR-UNSa-BCEJYS | ||
| 040 |
_aAR-UNSa-BCEJYS _bspa _cAR-UNSa-BCEJYS |
||
| 080 |
_a336.5 _xGasto público. Gastos del estado |
||
| 245 | 1 | 0 | _aEconomía pública de Argentina y España |
| 020 | _a978-987-1281-43-5 | ||
| 264 | 1 |
_aBuenos Aires : _bEDICON (Fondo Editorial Consejo) _c2007 |
|
| 300 |
_a408 p. _c21 cm. |
||
| 505 | _a1. Convergencia fiscal en la Unión Europea - 2. El impuesto de sociedades en la Unión Europea: Situación actual y alternativas de reforma - 3. Perspectivas de la integración en América Latina a comienzos del siglo XXI - 4. El impuesto sobre la renta de las personas físicas en España: Le reforma 2007 - 5. Variables polìtico institucionales aplicadas al análisis del desempeño del gasto público sibnacional - 6. Federalismo y responsabilidad fiscal a nivel nacional y provincial, el caso argentino - 7. Interdependencias entre el sector público y el privado en España: La influencia de los consumidores sobre la estructura de gasto público - 8. La reforma de los mecanismos de nivelación regional en España - 9. Análisis multinivel del rendimiento escolar al término de la educación básica en Argentina - 10. La inclusión de las variables no controlables en el DEA: una aplicación en la enseñanza secundaria | ||
| 942 | _cBK | ||
| 590 | _aniveau_biblio:m niveau_hierar:0 | ||
| 100 | 1 | _aRezk, Ernesto | |
| 700 | 1 | _aGertel, Héctor R. | |
| 700 | 1 | _aJacobo, Alejandro D. | |
| 856 | 4 | 1 |
_uhttps://biblioeco.unsa.edu.ar/pmb/images/libros/Economia Publica de Argentina y Espa?a-l117926.jpg _yImagen de portada _qimage/jpeg |
| 999 |
_c1558 _d1558 |
||